[Event "POHÁR města Říčany 2023"]
[Site "Městské kulturní středisko U labutě"]
[Date "2023.09.02"]
[Round "9.6"]
[White "Davidek, Zdenek"]
[Black "Taborsky, Rostislav"]
[Result "1/2-1/2"]
[WhiteFideId "23725001"]
[BlackFideId "307491"]
[WhiteElo "2051"]
[BlackElo "2153"]
[PlyCount "0"]
[EventDate "2023.08.26"]

1. d4 {[%clk 01:30:58]} {[%emt 00:18:52]} e6 {[%clk 01:27:30]} {[%emt
00:03:31]} 2. e4 {[%clk 01:31:18]} {[%emt 00:00:10]} d5 {[%clk 01:27:33]}
{[%emt 00:00:27]} 3. Nd2 {[%clk 01:31:42]} {[%emt 00:00:06]} c5 {[%clk
01:27:57]} {[%emt 00:00:07]} 4. exd5 {[%clk 01:31:57]} {[%emt 00:00:15]} Qxd5
{[%clk 01:27:57]} {[%emt 00:00:30]} 5. Ngf3 {[%clk 01:32:20]} {[%emt 00:00:07]}
cxd4 {[%clk 01:28:10]} {[%emt 00:00:17]} 6. Bc4 {[%clk 01:32:43]} {[%emt
00:00:06]} Qd6 {[%clk 01:28:31]} {[%emt 00:00:10]} 7. O-O {[%clk 01:32:42]}
{[%emt 00:00:32]} Nf6 {[%clk 01:28:32]} {[%emt 00:00:30]} 8. Nb3 {[%clk
01:33:02]} {[%emt 00:00:09]} Nc6 {[%clk 01:28:55]} {[%emt 00:00:07]} 9. Nbxd4
{[%clk 01:33:06]} {[%emt 00:00:25]} Nxd4 {[%clk 01:29:10]} {[%emt 00:00:15]} 10.
Qxd4 {[%clk 01:33:29]} {[%emt 00:00:07]} Qxd4 {[%clk 01:26:38]} {[%emt
00:03:02]} 11. Nxd4 {[%clk 01:33:53]} {[%emt 00:00:06]} Bc5 {[%clk 01:15:38]}
{[%emt 00:11:31]} 12. Nb3 {[%clk 01:15:44]} {[%emt 00:18:39]} Bb6 {[%clk
01:00:31]} {[%emt 00:15:37]} 13. a4 {[%clk 00:57:36]} {[%emt 00:18:38]} a5
{[%clk 00:57:31]} {[%emt 00:03:30]} 14. Be2 {[%clk 00:56:47]} {[%emt 00:01:19]}
Bd7 {[%clk 00:52:18]} {[%emt 00:05:43]} 15. Bf3 {[%clk 00:47:59]} {[%emt
00:09:18]} Rc8 {[%clk 00:52:18]} {[%emt 00:00:29]} 16. Bd2 {[%clk 00:45:58]}
{[%emt 00:02:32]} Rxc2 {[%clk 00:49:17]} {[%emt 00:03:31]} 17. Bxa5 {[%clk
00:46:05]} {[%emt 00:00:23]} Bxa5 {[%clk 00:38:53]} {[%emt 00:10:55]} 18. Nxa5
{[%clk 00:46:29]} {[%emt 00:00:05]} b6 {[%clk 00:39:10]} {[%emt 00:00:14]} 19.
Nb7 {[%clk 00:43:29]} {[%emt 00:03:30]} Rxb2 {[%clk 00:36:45]} {[%emt
00:02:55]} 20. Rfb1 {[%clk 00:38:28]} {[%emt 00:05:29]} Rxb1+ {[%clk 00:35:50]}
{[%emt 00:01:26]} 21. Rxb1 {[%clk 00:38:53]} {[%emt 00:00:05]} Bxa4 {[%clk
00:34:42]} {[%emt 00:01:39]} 22. Ra1 {[%clk 00:37:55]} {[%emt 00:01:28]} b5
{[%clk 00:34:32]} {[%emt 00:00:40]} 23. Nc5 {[%clk 00:38:20]} {[%emt 00:00:04]}
Ke7 {[%clk 00:27:28]} {[%emt 00:07:34]} 24. Nxa4 {[%clk 00:38:45]} {[%emt
00:00:05]} bxa4 {[%clk 00:27:54]} {[%emt 00:00:05]} 25. Rxa4 {[%clk 00:39:09]}
{[%emt 00:00:06]} Rb8 {[%clk 00:16:46]} {[%emt 00:11:38]} 26. Ra7+ {[%clk
00:37:59]} {[%emt 00:01:39]} Nd7 {[%clk 00:17:10]} {[%emt 00:00:07]} 27. g3
{[%clk 00:37:31]} {[%emt 00:00:58]} Kd6 {[%clk 00:17:20]} {[%emt 00:00:20]} 28.
Ra6+ {[%clk 00:34:57]} {[%emt 00:03:04]} Rb6 {[%clk 00:17:19]} {[%emt
00:00:31]} 29. Rxb6+ Nxb6 {[%clk 00:17:49]} 30. Kf1 {[%clk 00:33:41]} {[%emt
00:01:36]} Ke5 {[%clk 00:17:59]} {[%emt 00:00:20]} 31. Ke2 {[%clk 00:33:33]}
{[%emt 00:00:38]} Kd4 {[%clk 00:18:20]} {[%emt 00:00:09]} 32. Bc6 {[%clk
00:33:00]} {[%emt 00:01:04]} g5 {[%clk 00:15:56]} {[%emt 00:02:53]} 33. Be8
{[%clk 00:31:53]} {[%emt 00:01:36]} f5 {[%clk 00:10:25]} {[%emt 00:06:02]} 34.
Bf7 {[%clk 00:31:21]} {[%emt 00:01:01]} e5 {[%clk 00:09:10]} {[%emt 00:01:46]}
35. Bg8 {[%clk 00:27:29]} {[%emt 00:04:22]} h6 {[%clk 00:08:55]} {[%emt
00:00:45]} 36. Bh7 {[%clk 00:25:56]} {[%emt 00:02:03]} f4 {[%clk 00:09:09]}
{[%emt 00:00:16]} 37. Kf3 {[%clk 00:22:18]} {[%emt 00:04:08]} Nd5 {[%clk
00:09:18]} {[%emt 00:00:21]} 38. gxf4 {[%clk 00:21:14]} {[%emt 00:01:35]} exf4
{[%clk 00:07:30]} {[%emt 00:02:18]} 39. Bg6 {[%clk 00:19:33]} {[%emt 00:02:11]}
Nf6 {[%clk 00:07:07]} {[%emt 00:00:53]} 40. h4 {[%clk 00:19:23]} {[%emt
00:00:40]} Ke5 {[%clk 00:07:27]} {[%emt 00:00:11]} 41. hxg5 {[%clk 00:19:48]}
{[%emt 00:00:05]} hxg5 {[%clk 00:07:54]} {[%emt 00:00:02]} 42. Bc2 {[%clk
00:19:12]} {[%emt 00:01:06]} g4+ {[%clk 00:07:49]} {[%emt 00:00:36]} 43. Kg2
{[%clk 00:19:38]} {[%emt 00:00:03]} Nd5 {[%clk 00:06:16]} {[%emt 00:02:02]} 44.
Bb3 {[%clk 00:19:05]} {[%emt 00:01:03]} Ne7 {[%clk 00:05:45]} {[%emt 00:01:01]}
45. Bc2 {[%clk 00:18:55]} {[%emt 00:00:41]} Kf6 {[%clk 00:03:55]} {[%emt
00:02:19]} 46. Be4 {[%clk 00:18:57]} {[%emt 00:00:29]} Nf5 {[%clk 00:03:26]}
{[%emt 00:00:59]} 47. Bb7 {[%clk 00:18:27]} {[%emt 00:01:00]} Kg5 {[%clk
00:03:31]} {[%emt 00:00:26]} 48. Be4 {[%clk 00:18:00]} {[%emt 00:00:56]} Nh4+
{[%clk 00:02:56]} {[%emt 00:01:06]} 49. Kh2 {[%clk 00:17:34]} {[%emt 00:00:55]}
Ng6 {[%clk 00:03:11]} {[%emt 00:00:15]} 50. Kg2 {[%clk 00:17:52]} {[%emt
00:00:11]} Ne5 {[%clk 00:03:40]} {[%emt 00:00:02]} 51. Bb7 {[%clk 00:18:04]}
{[%emt 00:00:18]} Kh4 {[%clk 00:02:37]} {[%emt 00:01:32]} 52. Be4 {[%clk
00:16:55]} {[%emt 00:01:39]} Nf7 {[%clk 00:02:46]} {[%emt 00:00:21]} 53. Bd5
{[%clk 00:14:31]} {[%emt 00:02:54]} Ng5 {[%clk 00:03:07]} {[%emt 00:00:09]} 54.
Bc6 {[%clk 00:14:44]} {[%emt 00:00:17]} f3+ {[%clk 00:02:49]} {[%emt 00:00:47]}
55. Kg1 {[%clk 00:15:01]} {[%emt 00:00:13]} Nh3+ {[%clk 00:02:48]} {[%emt
00:00:32]} 56. Kf1 {[%clk 00:15:15]} {[%emt 00:00:16]} Kg5 {[%clk 00:02:39]}
{[%emt 00:00:39]} 57. Bd7 {[%clk 00:15:13]} {[%emt 00:00:32]} Kf4 {[%clk
00:02:59]} {[%emt 00:00:10]} 58. Bc8 {[%clk 00:14:01]} {[%emt 00:01:42]} Ng5
{[%clk 00:02:14]} {[%emt 00:01:15]} 59. Bd7 {[%clk 00:14:02]} {[%emt 00:00:29]}
Ne4 {[%clk 00:02:26]} {[%emt 00:00:17]} 60. Bc8 {[%clk 00:14:03]} {[%emt
00:00:30]} g3 {[%clk 00:01:11]} {[%emt 00:01:46]} 61. fxg3+ {[%clk 00:14:21]}
{[%emt 00:00:11]} Ke3 {[%clk 00:01:22]} {[%emt 00:00:18]} 62. Ba6 {[%clk
00:14:21]} {[%emt 00:00:30]} Nxg3+ {[%clk 00:01:38]} {[%emt 00:00:14]} 63. Kg1
{[%clk 00:14:44]} {[%emt 00:00:06]} Ne2+ {[%clk 00:00:56]} {[%emt 00:01:13]} 64.
Kf1 {[%clk 00:15:09]} {[%emt 00:00:05]} Ng3+ {[%clk 00:01:11]} {[%emt
00:00:15]} 65. Kg1 {[%clk 00:15:36]} {[%emt 00:00:03]} Ne4 {[%clk 00:01:03]}
{[%emt 00:00:38]} 66. Kf1 {[%clk 00:14:57]} {[%emt 00:01:08]} Nc5 {[%clk
00:01:03]} {[%emt 00:00:31]} 67. Bc4 {[%clk 00:15:05]} {[%emt 00:00:21]} Ne4
{[%clk 00:01:06]} {[%emt 00:00:27]} 1/2-1/2

[Event "POHÁR města Říčany 2023"]
[Site "Městské kulturní středisko U labutě"]
[Date "2023.09.02"]
[Round "9.7"]
[White "Hejsek, Lukas"]
[Black "Rajnys, Vladimir"]
[Result "1/2-1/2"]
[WhiteFideId "393860"]
[BlackFideId "308200"]
[WhiteElo "2081"]
[BlackElo "2025"]
[PlyCount "0"]
[EventDate "2023.08.26"]

1. d4 {[%clk 01:30:56]} {[%emt 00:00:03]} Nf6 {[%clk 01:30:52]} {[%emt
00:00:09]} 2. Nf3 {[%clk 01:31:19]} {[%emt 00:00:07]} d5 {[%clk 01:31:03]}
{[%emt 00:00:19]} 3. c4 {[%clk 01:31:43]} {[%emt 00:00:06]} e6 {[%clk
01:31:26]} {[%emt 00:00:07]} 4. g3 {[%clk 01:32:06]} {[%emt 00:00:06]} Bb4+
{[%clk 01:31:31]} {[%emt 00:00:26]} 5. Bd2 {[%clk 01:32:27]} {[%emt 00:00:08]}
Be7 {[%clk 01:29:01]} {[%emt 00:03:00]} 6. Bg2 {[%clk 01:32:52]} {[%emt
00:00:05]} c6 {[%clk 01:29:11]} {[%emt 00:00:20]} 7. O-O {[%clk 01:33:10]}
{[%emt 00:00:12]} O-O {[%clk 01:29:32]} {[%emt 00:00:09]} 8. Qc2 {[%clk
01:30:32]} {[%emt 00:03:08]} b6 {[%clk 01:29:02]} {[%emt 00:01:00]} 9. b3
{[%clk 01:26:12]} {[%emt 00:04:50]} Ba6 {[%clk 01:26:22]} {[%emt 00:03:11]} 10.
Rd1 {[%clk 01:21:54]} {[%emt 00:04:47]} Nbd7 {[%clk 01:25:50]} {[%emt
00:01:02]} 11. Bg5 {[%clk 01:19:15]} {[%emt 00:03:09]} Rc8 {[%clk 01:25:24]}
{[%emt 00:00:56]} 12. Nbd2 {[%clk 01:15:40]} {[%emt 00:04:05]} h6 {[%clk
01:21:46]} {[%emt 00:04:09]} 13. Bxf6 {[%clk 01:15:51]} {[%emt 00:00:18]} Nxf6
{[%clk 01:22:09]} {[%emt 00:00:06]} 14. e4 {[%clk 01:16:04]} {[%emt 00:00:18]}
Bb7 {[%clk 01:13:26]} {[%emt 00:09:14]} 15. e5 {[%clk 01:15:52]} {[%emt
00:00:42]} Nd7 {[%clk 01:13:32]} {[%emt 00:00:24]} 16. cxd5 {[%clk 01:13:32]}
{[%emt 00:02:50]} cxd5 {[%clk 01:09:33]} {[%emt 00:04:29]} 17. Qb2 {[%clk
01:13:55]} {[%emt 00:00:07]} Ba6 {[%clk 01:00:50]} {[%emt 00:09:14]} 18. Nf1
{[%clk 01:13:27]} {[%emt 00:00:57]} Bxf1 {[%clk 00:53:33]} {[%emt 00:07:47]} 19.
Bxf1 {[%clk 01:13:50]} {[%emt 00:00:06]} Qc7 {[%clk 00:53:48]} {[%emt
00:00:16]} 20. Rac1 {[%clk 01:11:34]} {[%emt 00:02:46]} Qb7 {[%clk 00:53:27]}
{[%emt 00:00:52]} 21. a4 {[%clk 01:08:04]} {[%emt 00:04:00]} a5 {[%clk
00:48:26]} {[%emt 00:05:30]} 22. h4 {[%clk 01:04:40]} {[%emt 00:03:54]} Nb8
{[%clk 00:47:44]} {[%emt 00:01:13]} 23. Nh2 {[%clk 01:03:27]} {[%emt 00:01:41]}
Na6 {[%clk 00:47:22]} {[%emt 00:00:53]} 24. Ng4 {[%clk 01:02:32]} {[%emt
00:01:24]} h5 {[%clk 00:43:01]} {[%emt 00:04:52]} 25. Ne3 {[%clk 01:02:20]}
{[%emt 00:00:42]} Nb4 {[%clk 00:43:05]} {[%emt 00:00:26]} 26. Be2 {[%clk
01:02:36]} {[%emt 00:00:14]} g6 {[%clk 00:42:42]} {[%emt 00:00:54]} 27. Ng2
{[%clk 01:02:38]} {[%emt 00:00:28]} Rxc1 {[%clk 00:42:48]} {[%emt 00:00:24]} 28.
Rxc1 {[%clk 01:02:59]} {[%emt 00:00:08]} Rc8 {[%clk 00:42:44]} {[%emt
00:00:35]} 29. Bb5 {[%clk 00:59:06]} {[%emt 00:04:23]} Rc7 {[%clk 00:40:25]}
{[%emt 00:02:49]} 30. Ne3 {[%clk 00:57:27]} {[%emt 00:02:08]} 1/2-1/2

[Event "POHÁR města Říčany 2023"]
[Site "Městské kulturní středisko U labutě"]
[Date "2023.09.02"]
[Round "9.8"]
[White "Madle, Robin"]
[Black "Stanek, Ondrej"]
[Result "0-1"]
[WhiteFideId "393886"]
[BlackFideId "364240"]
[WhiteElo "1899"]
[BlackElo "2065"]
[PlyCount "0"]
[EventDate "2023.08.26"]

1. e4 {[%clk 01:30:01]} {[%emt 00:00:58]} c5 {[%clk 01:30:48]} {[%emt
00:00:12]} 2. c3 {[%clk 01:30:08]} {[%emt 00:00:23]} Nf6 {[%clk 01:31:08]}
{[%emt 00:00:10]} 3. e5 {[%clk 01:30:34]} {[%emt 00:00:03]} Nd5 {[%clk
01:31:33]} {[%emt 00:00:05]} 4. d4 {[%clk 01:30:56]} {[%emt 00:00:09]} cxd4
{[%clk 01:30:42]} {[%emt 00:01:20]} 5. cxd4 {[%clk 01:30:50]} {[%emt 00:00:36]}
d6 {[%clk 01:29:40]} {[%emt 00:01:33]} 6. Nf3 {[%clk 01:30:04]} {[%emt
00:01:15]} Nc6 {[%clk 01:29:55]} {[%emt 00:00:15]} 7. Bc4 {[%clk 01:30:00]}
{[%emt 00:00:35]} e6 {[%clk 01:13:42]} {[%emt 00:16:43]} 8. O-O {[%clk
01:25:23]} {[%emt 00:05:05]} Nb6 {[%clk 01:13:17]} {[%emt 00:00:57]} 9. Bb3
{[%clk 01:20:27]} {[%emt 00:05:26]} Be7 {[%clk 01:06:22]} {[%emt 00:07:25]} 10.
Nc3 {[%clk 01:19:30]} {[%emt 00:01:27]} O-O {[%clk 01:04:35]} {[%emt 00:02:16]}
11. exd6 {[%clk 01:18:50]} {[%emt 00:01:12]} Qxd6 {[%clk 01:03:20]} {[%emt
00:01:45]} 12. Be3 {[%clk 01:18:17]} {[%emt 00:01:03]} Nb4 {[%clk 00:54:56]}
{[%emt 00:08:55]} 13. Qe2 {[%clk 01:09:33]} {[%emt 00:09:14]} Rd8 {[%clk
00:53:22]} {[%emt 00:02:03]} 14. Rfd1 {[%clk 00:38:31]} {[%emt 00:31:31]} Bd7
{[%clk 00:50:34]} {[%emt 00:03:18]} 15. Rac1 {[%clk 00:38:36]} {[%emt
00:00:25]} N4d5 {[%clk 00:42:06]} {[%emt 00:08:58]} 16. Ne4 {[%clk 00:35:57]}
{[%emt 00:03:10]} Qb8 {[%clk 00:41:43]} {[%emt 00:00:53]} 17. Bc2 {[%clk
00:31:37]} {[%emt 00:04:49]} Nf4 {[%clk 00:34:45]} {[%emt 00:07:27]} 18. Qe1
{[%clk 00:28:24]} {[%emt 00:03:43]} Bb5 {[%clk 00:24:20]} {[%emt 00:10:55]} 19.
Nc3 {[%clk 00:22:28]} {[%emt 00:06:27]} Bb4 {[%clk 00:19:57]} {[%emt 00:04:53]}
20. Bxf4 {[%clk 00:19:38]} {[%emt 00:03:20]} Qxf4 {[%clk 00:19:35]} {[%emt
00:00:52]} 21. Qe3 {[%clk 00:20:01]} {[%emt 00:00:08]} Qxe3 {[%clk 00:19:18]}
{[%emt 00:00:47]} 22. fxe3 {[%clk 00:20:30]} {[%emt 00:00:01]} Bxc3 {[%clk
00:18:29]} {[%emt 00:01:19]} 23. bxc3 {[%clk 00:16:50]} {[%emt 00:04:10]} Rac8
{[%clk 00:15:03]} {[%emt 00:03:56]} 24. Bb3 {[%clk 00:16:57]} {[%emt 00:00:23]}
Rc7 {[%clk 00:13:36]} {[%emt 00:01:58]} 25. Nd2 {[%clk 00:14:47]} {[%emt
00:02:39]} Rdc8 {[%clk 00:13:21]} {[%emt 00:00:45]} 26. Nb1 {[%clk 00:15:11]}
{[%emt 00:00:07]} a5 {[%clk 00:08:43]} {[%emt 00:05:08]} 27. a3 {[%clk
00:14:55]} {[%emt 00:00:46]} Ba4 {[%clk 00:06:50]} {[%emt 00:02:22]} 28. Bc2
{[%clk 00:10:22]} {[%emt 00:05:03]} Bxc2 {[%clk 00:03:07]} {[%emt 00:04:14]} 29.
Rxc2 {[%clk 00:10:51]} {[%emt 00:00:01]} Nd5 {[%clk 00:03:02]} {[%emt
00:00:35]} 30. Rd3 {[%clk 00:11:12]} {[%emt 00:00:08]} Kf8 {[%clk 00:01:41]}
{[%emt 00:01:51]} 31. e4 {[%clk 00:09:02]} {[%emt 00:02:41]} Nb6 {[%clk
00:02:06]} {[%emt 00:00:05]} 32. Nd2 {[%clk 00:08:51]} {[%emt 00:00:41]} Ke7
{[%clk 00:01:38]} {[%emt 00:00:58]} 33. c4 {[%clk 00:08:33]} {[%emt 00:00:48]}
Nxc4 {[%clk 00:01:11]} {[%emt 00:00:56]} 34. Rdc3 {[%clk 00:08:55]} {[%emt
00:00:08]} b5 {[%clk 00:01:36]} {[%emt 00:00:06]} 35. a4 {[%clk 00:09:12]}
{[%emt 00:00:14]} Kd7 {[%clk 00:01:48]} {[%emt 00:00:17]} 36. axb5 {[%clk
00:09:15]} {[%emt 00:00:27]} Nxd2 {[%clk 00:02:11]} {[%emt 00:00:08]} 37. Rxc7+
{[%clk 00:09:41]} {[%emt 00:00:04]} Rxc7 {[%clk 00:02:36]} {[%emt 00:00:05]} 38.
Rxd2 {[%clk 00:10:08]} {[%emt 00:00:03]} Rc4 {[%clk 00:02:49]} {[%emt
00:00:16]} 39. Kf2 {[%clk 00:06:34]} {[%emt 00:04:03]} Kc7 {[%clk 00:03:03]}
{[%emt 00:00:17]} 40. Ra2 {[%clk 00:06:17]} {[%emt 00:00:47]} Kb6 {[%clk
00:03:17]} {[%emt 00:00:16]} 41. Rb2 {[%clk 00:06:21]} {[%emt 00:00:27]} Rxd4
{[%clk 00:03:26]} {[%emt 00:00:21]} 42. Ke3 {[%clk 00:06:41]} {[%emt 00:00:10]}
e5 {[%clk 00:03:16]} {[%emt 00:00:40]} 43. Rf2 {[%clk 00:06:54]} {[%emt
00:00:17]} Rd7 {[%clk 00:03:19]} {[%emt 00:00:27]} 44. Rb2 {[%clk 00:07:06]}
{[%emt 00:00:18]} a4 {[%clk 00:03:44]} {[%emt 00:00:05]} 45. g4 {[%clk
00:06:51]} {[%emt 00:00:44]} a3 {[%clk 00:03:31]} {[%emt 00:00:44]} 46. Ra2
{[%clk 00:06:13]} {[%emt 00:01:07]} Ra7 {[%clk 00:03:56]} {[%emt 00:00:05]} 47.
Kd3 {[%clk 00:06:06]} {[%emt 00:00:38]} Kxb5 {[%clk 00:03:50]} {[%emt
00:00:37]} 48. Kc3 {[%clk 00:06:19]} {[%emt 00:00:16]} Ra4 {[%clk 00:04:08]}
{[%emt 00:00:12]} 49. Kb3 {[%clk 00:06:02]} {[%emt 00:00:47]} Rxe4 {[%clk
00:04:18]} {[%emt 00:00:20]} 50. Rf2 {[%clk 00:06:14]} {[%emt 00:00:16]} Re3+
{[%clk 00:04:29]} {[%emt 00:00:20]} 51. Ka2 {[%clk 00:06:35]} {[%emt 00:00:10]}
f6 {[%clk 00:04:20]} {[%emt 00:00:38]} 52. h4 {[%clk 00:06:52]} {[%emt
00:00:13]} Rg3 {[%clk 00:04:31]} {[%emt 00:00:20]} 53. g5 {[%clk 00:07:01]}
{[%emt 00:00:21]} fxg5 {[%clk 00:04:36]} {[%emt 00:00:24]} 54. Rf5 {[%clk
00:07:21]} {[%emt 00:00:10]} gxh4 {[%clk 00:03:54]} {[%emt 00:01:12]} 55. Rxe5+
{[%clk 00:07:43]} {[%emt 00:00:08]} Kc6 {[%clk 00:03:56]} {[%emt 00:00:29]} 56.
Re1 {[%clk 00:08:03]} {[%emt 00:00:10]} h3 {[%clk 00:04:15]} {[%emt 00:00:12]}
57. Rh1 {[%clk 00:08:15]} {[%emt 00:00:18]} Kd5 {[%clk 00:04:26]} {[%emt
00:00:19]} 58. Ka1 {[%clk 00:08:27]} {[%emt 00:00:18]} Ke4 {[%clk 00:04:50]}
{[%emt 00:00:05]} 59. Rf1 {[%clk 00:08:19]} {[%emt 00:00:38]} h2 {[%clk
00:05:12]} {[%emt 00:00:08]} 60. Ka2 {[%clk 00:08:34]} {[%emt 00:00:15]} Rg1
{[%clk 00:05:26]} {[%emt 00:00:15]} 61. Rf3 {[%clk 00:08:48]} {[%emt 00:00:17]}
Kxf3 {[%clk 00:05:01]} {[%emt 00:00:55]} 0-1

[Event "POHÁR města Říčany 2023"]
[Site "Městské kulturní středisko U labutě"]
[Date "2023.09.02"]
[Round "9.9"]
[White "Andrle, Filip"]
[Black "Rousek, Jan"]
[Result "1/2-1/2"]
[WhiteFideId "23718749"]
[BlackFideId "386669"]
[WhiteElo "1848"]
[BlackElo "2028"]
[PlyCount "0"]
[EventDate "2023.08.26"]

1. e4 {[%clk 01:30:56]} {[%emt 00:00:03]} c5 {[%clk 01:30:54]} {[%emt
00:00:05]} 2. Nf3 {[%clk 01:31:21]} {[%emt 00:00:06]} e6 {[%clk 01:31:18]}
{[%emt 00:00:05]} 3. d4 {[%clk 01:31:40]} {[%emt 00:00:11]} cxd4 {[%clk
01:31:42]} {[%emt 00:00:06]} 4. Nxd4 {[%clk 01:32:04]} {[%emt 00:00:07]} Nf6
{[%clk 01:32:07]} {[%emt 00:00:04]} 5. Nc3 {[%clk 01:32:24]} {[%emt 00:00:10]}
Nc6 {[%clk 01:32:32]} {[%emt 00:00:05]} 6. Ndb5 {[%clk 01:32:43]} {[%emt
00:00:12]} Bb4 {[%clk 01:32:48]} {[%emt 00:00:13]} 7. a3 {[%clk 01:32:45]}
{[%emt 00:00:29]} Bxc3+ {[%clk 01:33:08]} {[%emt 00:00:09]} 8. Nxc3 {[%clk
01:33:09]} {[%emt 00:00:07]} d5 {[%clk 01:33:33]} {[%emt 00:00:04]} 9. exd5
{[%clk 01:29:25]} {[%emt 00:04:14]} Nxd5 {[%clk 01:33:54]} {[%emt 00:00:08]} 10.
Nxd5 {[%clk 01:28:59]} {[%emt 00:00:57]} exd5 {[%clk 01:34:18]} {[%emt
00:00:06]} 11. Be2 {[%clk 01:26:48]} {[%emt 00:02:41]} O-O {[%clk 01:31:56]}
{[%emt 00:02:51]} 12. O-O {[%clk 01:26:37]} {[%emt 00:00:42]} Bf5 {[%clk
01:31:49]} {[%emt 00:00:35]} 13. c3 {[%clk 01:14:13]} {[%emt 00:12:56]} d4
{[%clk 01:30:50]} {[%emt 00:01:28]} 14. Bd3 {[%clk 01:02:25]} {[%emt 00:12:18]}
Bxd3 {[%clk 01:20:14]} {[%emt 00:11:06]} 15. Qxd3 {[%clk 01:02:47]} {[%emt
00:00:09]} Rc8 {[%clk 01:14:43]} {[%emt 00:05:59]} 16. Bd2 {[%clk 00:58:40]}
{[%emt 00:04:38]} dxc3 {[%clk 01:11:02]} {[%emt 00:04:11]} 17. Qxd8 {[%clk
00:58:45]} {[%emt 00:00:26]} Rfxd8 {[%clk 01:11:22]} {[%emt 00:00:09]} 18. Bxc3
{[%clk 00:59:09]} {[%emt 00:00:07]} Nd4 {[%clk 01:11:26]} {[%emt 00:00:25]} 19.
Bxd4 {[%clk 00:38:55]} {[%emt 00:20:44]} Rxd4 {[%clk 01:11:01]} {[%emt
00:00:55]} 20. Rac1 {[%clk 00:38:30]} {[%emt 00:00:55]} Rdc4 {[%clk 01:06:22]}
{[%emt 00:05:07]} 21. Rxc4 {[%clk 00:38:42]} {[%emt 00:00:20]} Rxc4 {[%clk
01:06:46]} {[%emt 00:00:05]} 22. Rd1 {[%clk 00:37:33]} {[%emt 00:01:40]} Kf8
{[%clk 01:00:01]} {[%emt 00:07:14]} 23. g3 {[%clk 00:36:42]} {[%emt 00:01:21]}
Ke7 {[%clk 00:53:18]} {[%emt 00:07:11]} 24. Rd2 {[%clk 00:36:13]} {[%emt
00:01:01]} a6 {[%clk 00:46:44]} {[%emt 00:07:04]} 1/2-1/2